[Event "Challenge"]
[Site "http://www.queenalice.com/game.php?id=144081"]
[Date "2006.12.20"]
[Round "-"]
[White "castle_king"]
[Black "BlackBishop"]
[Result "0-1"]
[WhiteElo "1120"]
[BlackElo "1500"]

1. d4 b5 2. b4 Bb7 3. f3 e6 4. Nh3 Bxb4+ 5. c3 Ba5 6. Qd3 a6 7. Bf4 Nf6 8. Qd1
Nc6 9. Nd2 Bxc3 10. Rc1 Bxd4 11. Nb3 Bb2 12. Rb1 Ba3 13. Nf2 Nd5 14. Nh3 Nc3 15.
Qc2 Nxb1 16. Qxb1 Qe7 17. Bxc7 Qb4+ 18. Kd1 Rc8 19. Bd6 Qxd6+ 20. Nd2 Bb4 21.
Qb2 Nd4 22. Ne4 Bxe4 23. Ng5 Nb3+ 24. Qd2 Qxd2# 0-1

[Event "Challenge"]
[Site "http://www.queenalice.com/game.php?id=148853"]
[Date "2007.1.1"]
[Round "-"]
[White "BlackBishop"]
[Black "MontereyMatt"]
[Result "1-0"]
[WhiteElo "1510"]
[BlackElo "1008"]

1. g3 e6 2. Bg2 Qe7 3. a3 e5 4. Nc3 Qe6 5. Nh3 Qf5 6. e4 Qg6 7. Nd5 Qc6 8. d3 f5
9. Bg5 Nf6 10. Qf3 Qxc2 11. O-O h6 12. Bxf6 Nc6 13. Qh5+ g6 14. Bf3 Kf7 15. Qh4
Qxd3 16. Bg2 fxe4 17. Nxc7 Rg8 18. Bxe4 Qd6 19. Nxa8 g5 20. Qh5+ Ke6 21. Qe8+
Kxf6 22. Qxc8 Qb8 23. Qxb8 Nxb8 24. Bxb7 g4 25. Kg2 gxh3+ 26. Kxh3 h5 27. Rac1
h4 28. Rc8 hxg3 29. fxg3+ Kg5 30. Rxb8 e4 31. Bxe4 Rh8+ 32. Kg2 Bg7 33. Rb5+ Kg4
34. Bf3# 1-0

[Event "Challenge"]
[Site "http://www.queenalice.com/game.php?id=154130"]
[Date "2007.1.14"]
[Round "-"]
[White "BlackBishop"]
[Black "GoodKnight"]
[Result "0-1"]
[WhiteElo "1601"]
[BlackElo "1991"]

1. b3 e5 2. Bb2 Nc6 3. e3 Nf6 4. d4 exd4 5. exd4 d5 6. Nc3 Bb4 7. a3 Bxc3+ 8.
Bxc3 Ne4 9. Qf3 O-O 10. Bb2 Re8 11. Be2 Qd6 12. Nh3 Bxh3 13. gxh3 Qh6 14. Bc1
Qg6 15. Bf4 Nxd4 16. Qd3 Nxe2 17. Qxd5 Nxf4 18. Qxb7 Qf6 19. O-O Qg5+ 20. Kh1
Qg2# 0-1

[Event "Challenge"]
[Site "http://www.queenalice.com/game.php?id=154289"]
[Date "2007.1.15"]
[Round "-"]
[White "mustangmike"]
[Black "BlackBishop"]
[Result "0-1"]
[WhiteElo "1554"]
[BlackElo "1599"]

1. e4 b6 2. f4 Bb7 3. d3 e6 4. g3 d5 5. e5 d4 6. Nf3 Bc5 7. c4 Nh6 8. Nbd2 Qd7
9. b3 Bb4 10. a3 Bc3 11. Ra2 Qc6 12. Bg2 Ng4 13. Nh4 Qd7 14. Bxb7 Ne3 15. Qe2 c6
16. Bxa8 Qc8 17. Bb2 Bxb2 18. Rxb2 Nd7 19. Bxc6 Qxc6 20. Ndf3 b5 21. h3 bxc4 22.
bxc4 O-O 23. g4 Nb6 24. Ng2 Rd8 25. Nxe3 dxe3 26. Qxe3 Na4 27. Rf2 Qb7 28. O-O
Nc3 29. Rc2 Qb3 30. Rfc1 Na4 31. Qxa7 Nb2 32. Ng5 Rf8 33. Rc3 Qb8 34. Qf2 h6 35.
R1c2 Nd1 36. Qe1 Nxc3 37. Rxc3 hxg5 38. fxg5 Qa7+ 39. Kh2 Qd4 40. a4 Qf4+ 41.
Qg3 Qd2+ 42. Kh1 Qxc3 43. h4 Rb8 44. Kh2 Rb1 45. Kh3 Qc1 46. Qf3 g6 0-1

[Event "Don't play while tired ..."]
[Site "http://www.queenalice.com/game.php?id=166537"]
[Date "2007.2.10"]
[Round "-"]
[White "BlackBishop"]
[Black "mustangmike"]
[Result "0-1"]
[WhiteElo "1696"]
[BlackElo "1673"]

1. b3 e5 2. Bb2 Qe7 3. e4 g6 4. Nf3 f5 5. Bxe5 Nf6 6. Nc3 c6 7. Qe2 b5 8. Qe3
Kd8 9. Bxb8 Rxb8 10. Qxa7 Rb7 11. Qa5+ Ke8 12. Bd3 fxe4 13. Nxe4 Nxe4 14. O-O d5
15. Rae1 Bf5 16. Qa6 Rc7 17. Nd4 Qd7 18. f3 Bc5 19. Qa5 Bxd4+ 20. Kh1 Qe7 21.
fxe4 Ra7 22. Qxa7 Qxa7 23. exf5+ Kd8 24. f6 Rf8 25. Re7 Qc5 26. Rxh7 Bxf6 27.
Bxg6 Be7 28. Rxf8+ Bxf8 29. g4 Be7 30. c3 Qa3 31. Rf7 Qc1+ 32. Kg2 Qxd2+ 33. Rf2
Qxc3 34. Rf3 Qe1 35. Rf1 Qe2+ 36. Kg1 Qxg4+ 37. Kf2 Qxg6 38. Rg1 Qc2+ 39. Kf1
Qb1+ 40. Kg2 Qxa2+ 41. Kh1 Qxb3 42. Rg8+ Kd7 43. Rg7 d4 44. h4 Qh3+ 45. Kg1 Qxh4
46. Rg2 d3 47. Kf1 Bc5 48. Rd2 Be3 49. Rg2 d2 50. Ke2 Qe1+ 51. Kf3 d1=Q+ 52. Ke4
Qc2+ 53. Rxc2 Qb1 54. Kd3 b4 55. Kxe3 Qxc2 56. Kf4 b3 57. Ke5 b2 58. Kd4 b1=Q
59. Ke3 Qe4+ 60. Kf2 Qbd3 61. Kg1 Qde3+ 0-1

[Event "Challenge"]
[Site "http://www.queenalice.com/game.php?id=166719"]
[Date "2007.2.10"]
[Round "-"]
[White "BlackBishop"]
[Black "Germano"]
[Result "0-1"]
[WhiteElo "1696"]
[BlackElo "2193"]

1. b3 d5 2. Bb2 Bg4 3. Nf3 Nd7 4. d4 e6 5. e3 Ngf6 6. Be2 Bb4+ 7. Bc3 a5 8. a3
Bd6 9. Ne5 Bxe2 10. Qxe2 Bxe5 11. dxe5 Ne4 12. Bb2 Qg5 13. Nd2 Qxg2 14. O-O-O
Qxf2 15. Qb5 Nc5 16. Bd4 c6 17. Qf1 Qxf1 18. Nxf1 Ke7 19. Rg1 Rhg8 20. Ng3 g5
21. Rdf1 h6 22. Nh5 Ne4 23. Nf6 Ndxf6 24. exf6+ Kd6 25. b4 e5 26. Bb2 axb4 27.
Rf5 bxa3 28. Ba1 a2 29. Kd1 Ra5 30. Ke2 Rb5 31. Rff1 Rg6 32. c4 Rc5 33. Rc1 Rxf6
34. cxd5 Rf2+ 35. Kd3 cxd5 36. Rgd1 Rxc1 37. Rxc1 Rd2# 0-1

[Event "Challenge"]
[Site "http://www.queenalice.com/game.php?id=500119"]
[Date "2008.11.29"]
[Round "-"]
[White "PLQ"]
[Black "BlackBishop"]
[Result "0-1"]
[WhiteElo "1500"]
[BlackElo "1672"]

1. e4 g6 2. Nf3 Bg7 3. Nc3 b6 4. e5 Bb7 5. a4 Nc6 6. Bb5 a6 7. Bc4 e6 8. b4 Nxb4
9. O-O Nh6 10. Ng5 Qxg5 11. Rb1 Qxg2# 0-1